00000000nas 2200000za 4500
0019.861429
003CaOODSP
00520251128144745
007cr |||||||||||
008180831d19461967onc x m oss  f000#a0fre|d
040 |aCaOODSP|bfre
043 |an-cn---
0861 |aCS3-7E-PDF
0861 |aCS3-7-PDF
1300 |aReference paper (Canada. Bureau fédéral de la statistique)
24500|aReference paper |h[ressource électronique] / |cDominion Bureau of Statistics.
2461 |iCertaines livr. comportent le titre parallèle : |aDocument de référence
260 |a[Ottawa] : |bDominion Bureau of Statistics, |c1946-1967?
310 |aIrrégulier
500 |aPublié aussi en français sous le titre : Document de référence.
546 |aCertaines livr.en anglais seulement; certaines livr. en anglais et en français.
69207|2gccst|aStatistique
7101 |aCanada. |bBureau fédéral de la statistique.
77508|tDocument de référence |w(CaOODSP)9.820714
791 |tReference paper |eeng|w(CaOODSP)9.820711